Statistical yearbook of Greece 1979
Na minha lista:
| Formato: | Livro |
|---|---|
| Idioma: | inglês |
| Publicado em: |
Athens
National Statistical Service of Greece
1980
|
| Tags: |
Sem tags, seja o primeiro a adicionar uma tag!
|
MARC
| LEADER | 00000nam a2200000 4500 | ||
|---|---|---|---|
| 001 | c141069 | ||
| 005 | 20041019155320.8 | ||
| 041 | 0 | |a eng | |
| 044 | |a GR | ||
| 245 | 1 | 0 | |a Statistical yearbook of Greece 1979 |
| 264 | 1 | |a Athens |b National Statistical Service of Greece |c 1980 | |
| 300 | |a 484 s. | ||